000 00657nam a2200217Ia 4500
003 GCL
008 140319s9999 xx 000 0 ara d
040 _aGCL /
_cGCL
082 0 4 _a901
_bن ف
100 1 _aنيفين جمعة علم الدين
245 1 0 _aفلسفة التاريخ عند ارنولد توينيى /
_cنيفين جمعة علم الدين
260 _a[S.N] :
_bالهيئة المصرية العامة للكتاب ،
_c1991
300 _a179 ص
490 _a
650 0 4 _aفلسفة
650 0 4 _aالحضارة
650 0 4 _aالتاريخ
650 0 4 _aالمؤرخون
650 0 4 _aالتأريخ
942 _2ddc
_cBK
999 _c28691
_d28691